| 000 | 00000nam##2200000za#4500 |
| 001 | 9.642843 |
| 003 | CaOODSP |
| 005 | 20210624223908 |
| 007 | cr ||||||||||| |
| 008 | 150407|2012||||xxc|||||o f|0| 0 fre|d |
| 040 | |aCaOODSP|bfre |
| 043 | |an-cn--- |
| 086 | 1 |aHR21-81/2012F-PDF |
| 110 | 2 |aCommission canadienne des droits de la personne. |
| 245 | 10|aRapport de situation sur l'équité en matière d'emploi / |h[ressource électronique]|c[par] Bureau du vérificateur général. |
| 260 | |aOttawa - Ontario : |bCommission canadienne des droits de la personne |cLe 11 janvier 2012. |
| 300 | |a19p.|bfigures, tableaux |
| 590 | |a14-04-Supp|b2014-02-05 |
| 691 | 07|aDroits de la personne|2gcpds |
| 775 | 08|tEmployment equity status report / |w(CaOODSP)9.698844 |
| 856 | 40|ahttp://publications.gc.ca|qPDF|s887 Ko|uhttps://publications.gc.ca/collections/collection_2014/ccdp-chrc/HR21-81-2012-fra.pdf |
| 986 | |aN° de dossier : 2820-02-O04-2011 |